Tapping Panel Dryness: An Annotated Bibliography (Record no. 45025)

MARC details
000 -LEADER
fixed length control field 00311nam a2200109Ia 4500
100 ## - MAIN ENTRY--AUTHOR NAME
Personal name N. Latha
245 #0 - TITLE STATEMENT
Title Tapping Panel Dryness: An Annotated Bibliography
260 ## - PUBLICATION, DISTRIBUTION, ETC. (IMPRINT)
Name of publisher Rubber Research Institute of India
Place of publication Kottayam
Year of publication 2005
700 ## - ADDED ENTRY--PERSONAL NAME
Personal name Mercy Jose
942 ## - ADDED ENTRY ELEMENTS (KOHA)
Koha item type Publications
Holdings
Withdrawn status Lost status Damaged status Not for loan Collection code Home library Current library Date acquired Accession Number Koha item type
      Publications Bibliographies RRII Library RRII Library 31/12/2021 BG 10 Publications